| 000 | 00467pab a2200181 454500 | ||
|---|---|---|---|
| 008 | 180718b2011 xxu||||| |||| 00| 0 eng d | ||
| 100 | _aPerumal, M. | ||
| 245 | _aAgencies for calculating agricultural productivity in India | ||
| 260 | _c2011 | ||
| 300 | _ap.17-20. | ||
| 362 | _aDec | ||
| 650 | _aAgricultural production - India | ||
| 650 | _aAgricultural production | ||
| 700 | _aSoundararajan, P. | ||
| 773 | _aKurukshetra | ||
| 908 | _aN | ||
| 909 | _a94808 | ||
| 999 |
_c94808 _d94808 |
||